书目信息 |
| 题名: |
混凝土结构设计原理
|
|
| 作者: | 沈蒲生 主编 | |
| 分册: | ||
| 出版信息: | 北京 高等教育出版社 2020.05 |
|
| 页数: | 302页 | |
| 开本: | 26cm | |
| 丛书名: | “十二五”普通高等教育本科国家级规划教材 | |
| 单 册: | ||
| 中图分类: | TU370.4 | |
| 科图分类: | ||
| 主题词: | 混凝土结构--hun ning tu jie gou--结构设计--高等教育--教材 | |
| 电子资源: | ||
| ISBN: | 978-7-04-053931-8 | |
| 000 | 01265nam 2200265 450 | |
| 001 | 2072016171 | |
| 005 | 20201108200022.26 | |
| 010 | @a978-7-04-053931-8@dCNY45.00 | |
| 100 | @a20200729d2020 em y0chiy50 ea | |
| 101 | 0 | @achi |
| 102 | @aCN@b110000 | |
| 105 | @aa a 000yy | |
| 200 | 1 | @a混凝土结构设计原理@Ahun ning tu jie gou she ji yuan li@f主编沈蒲生 |
| 205 | @a第5版 | |
| 210 | @a北京@c高等教育出版社@d2020.05 | |
| 215 | @a302页@c图@d26cm | |
| 225 | 2 | @a“十二五”普通高等教育本科国家级规划教材@A“ shi er wu ” pu tong gao deng jiao yu ben ke guo jia ji gui hua jiao cai@i新世纪土木工程系列教材 |
| 320 | @a有书目 (第302页) | |
| 330 | @a本书除绪论外, 共分为9章, 内容包括: 混凝土结构用材料的性质, 混凝土结构设计方法, 钢筋混凝土轴心受力构件正截面承载力计算, 钢筋混凝土受弯构件正截面承载力计算, 钢筋混凝土受弯构件斜截面承载力计算, 钢筋混凝土受扭构件承载力计算, 钢筋混凝土偏心受力构件承载力计算, 钢筋混凝土构件的裂缝、变形和耐久性, 预应力混凝土构件设计。 | |
| 410 | 0 | @12001 @a“十二五”普通高等教育本科国家级规划教材@i新世纪土木工程系列教材 |
| 606 | 0 | @a混凝土结构@Ahun ning tu jie gou@x结构设计@x高等教育@j教材 |
| 690 | @aTU370.4@v5 | |
| 701 | 0 | @a沈蒲生@Ashen pu sheng@4主编 |
| 801 | 0 | @aCN@b人天书店@c20201015 |
| 905 | @aZUCC@dTU370.4@eS406 | |
| 混凝土结构设计原理/主编沈蒲生.-第5版.-北京:高等教育出版社,2020.05 |
| 302页:图;26cm.-(“十二五”普通高等教育本科国家级规划教材.新世纪土木工程系列教材) |
| ISBN 978-7-04-053931-8:CNY45.00 |
| 本书除绪论外, 共分为9章, 内容包括: 混凝土结构用材料的性质, 混凝土结构设计方法, 钢筋混凝土轴心受力构件正截面承载力计算, 钢筋混凝土受弯构件正截面承载力计算, 钢筋混凝土受弯构件斜截面承载力计算, 钢筋混凝土受扭构件承载力计算, 钢筋混凝土偏心受力构件承载力计算, 钢筋混凝土构件的裂缝、变形和耐久性, 预应力混凝土构件设计。 |
| ● |
| 相关链接 |
|
|
|
正题名:混凝土结构设计原理
索取号:TU370.4/S406
 
预约/预借
| 序号 | 登录号 | 条形码 | 馆藏地/架位号 | 状态 | 备注 |
| 1 | 1487174 | 214871744 | 建筑库101/101建筑库 87排1列4层/ [索取号:TU370.4/S406] | 在馆 | |
| 2 | 1487175 | 214871753 | 建筑库101/101建筑库 87排1列4层/ [索取号:TU370.4/S406] | 在馆 |